|
|
|
|
| LEADER |
00000nam a22000007a 4500 |
| 005 |
2020060307427.0 |
| 007 |
cr|||| |||| |
| 008 |
200603s2020 mx |||||s|||| 00||0 spa d |
| 020 |
|
|
|a 978-607-541-160-6
|
| 035 |
|
|
|a 31619
|
| 040 |
|
|
|a vLex
|
| 090 |
|
|
|c 10509
|d 10509
|
| 245 |
0 |
0 |
|a Constitucin̤ Polt̕ica de los Estados Unidos Mexicanos
|h [Recurso electrn̤ico] /
|
| 256 |
|
|
|a Servicio en ln̕ea
|
| 260 |
|
|
|a Ciudad de Mx̌ico:
|b Ediciones Fiscales ISEF,
|c 2020
|
| 300 |
|
|
|a 1 recurso electrn̤ico
|
| 506 |
1 |
|
|a Disponible solo en los productos indicados
|d vLex Global
|d vLex Global (Academic Edition, excluding Law Schools)
|d vLex Global (U.S. Academic Edition, Law Schools)
|d vLex Global (U.S. Academic Edition, excluding Law Schools)
|d vLex Global (Academic Edition, Law Schools)
|
| 650 |
0 |
4 |
|a Derecho Constitucional
|z Mx̌ico
|
| 740 |
0 |
|
|a vLex Libros (Servicio en ln̕ea)
|
| 856 |
4 |
0 |
|u http://vlex.com/source/constitucion-politica-estados-unidos-mexicanos-31619
|z Acceso restringido
|
| 942 |
|
|
|c BOOK
|
| 999 |
0 |
|
|a Constitutional right
|